Payment of bonus act 1965 with rules (Record no. 38385)

MARC details
000 -LEADER
fixed length control field 00305nam a2200121Ia 4500
082 ## - DEWEY DECIMAL CLASSIFICATION NUMBER
Item number KHA
100 ## - MAIN ENTRY--AUTHOR NAME
Personal name KHARBANDA, V K
245 #0 - TITLE STATEMENT
Title Payment of bonus act 1965 with rules
260 ## - PUBLICATION, DISTRIBUTION, ETC. (IMPRINT)
Place of publication Allahabad
Name of publisher Law Publishers
Year of publication 1983
650 ## - SUBJECT ADDED ENTRY--TOPICAL TERM
Topical Term Bonus act
942 ## - ADDED ENTRY ELEMENTS (KOHA)
Koha item type Books
Holdings
Withdrawn status Lost status Damaged status Not for loan Home library Current library Date acquired Full call number Accession Number Koha item type
        RRII Library RRII Library 16/12/2021 KHA 18745 Books